Αρβανίτες : οι Δωριείς του νεώτερου ελληνισμού : ιστορία των Ελλήνων Αρβανιτών
Αποθηκεύτηκε σε:
| Κύριος συγγραφέας: | |
|---|---|
| Μορφή: | Βιβλίο |
| Γλώσσα: | Greek |
| Δημοσίευση: |
Αθήναι :
[χ.ό.],
1960
|
| Θέματα: | |
| Ετικέτες: |
Προσθήκη ετικέτας
Δεν υπάρχουν, Καταχωρήστε ετικέτα πρώτοι!
|
MARC
| LEADER | 00000cam a2200000 i 4500 | ||
|---|---|---|---|
| 001 | 1/99383 | ||
| 008 | 081212s1960 gre d | ||
| 035 | |l 10102439 | ||
| 040 | |a GR-MY-UA |b gre |e aacr | ||
| 041 | 0 | |a gre | |
| 082 | 0 | |a 305.891991 |2 (22) | |
| 100 | 1 | |a Μπίρης, Κώστας Η., |c 1899-1980. | |
| 245 | 1 | 0 | |a Αρβανίτες : |b οι Δωριείς του νεώτερου ελληνισμού : ιστορία των Ελλήνων Αρβανιτών / |c Κώστα Η. Μπίρη |
| 260 | |a Αθήναι : |b [χ.ό.], |c 1960 | ||
| 300 | |a 377 σ.; |c 25 εκ. | ||
| 650 | 0 | 0 | |a Albanians |x Origin. |
| 650 | 0 | 0 | |a Albanians |z Greece. |
| 650 | 0 | 0 | |a Greeks |z Albania |x History. |
| 852 | |a INST |b RHODES |c AKA |e 20081212 |h 305.891991 ΜΠΙ |p 005400031487 |q 005400031487 |t BK |y 0 | ||
| 901 | |a BIBL4-2008-3 | ||
| 909 | |a Ρ |b 156548 | ||
| 970 | |a ΚΟΖΑ |b ΜΑΡΙΑ |z 2008/12/12 | ||